| 000 | 00866nam a22002415i 4500 | ||
|---|---|---|---|
| 001 | 16929 | ||
| 003 | ES-MaACL | ||
| 005 | 20230906151426.0 | ||
| 007 | t| | ||
| 008 | 001122s1991 sp ||||0| spa j | ||
| 020 | _a84-7433-743-7 | ||
| 040 |
_aM-BN _bspa _cM-BN |
||
| 080 | _a72.036(460)(064.3) | ||
| 111 | 2 |
_aMuestra de 10 Años de Arquitectura Española, 1980-1990 ( _n1ª) _9918 |
|
| 245 | 1 | 0 | _aI Muestra de 10 Años de Arquitectura Española, 1980-1990. |
| 260 |
_a[Madrid] : _bMinisterio de Obras Públicas y Transportes, Centro de Publicaciones, _cD.L. 1991. |
||
| 300 |
_a187 p : _bil ; _c29 cm. |
||
| 500 | _aTexto en español e inglés. | ||
| 650 | 4 |
_aArquitectura española- _yS.XX- _vExposiciones. _910024 |
|
| 710 | 1 |
_aEspaña. _bMinisterio de Obras Públicas y Transportes. _93916 |
|
| 852 |
_aES-MaACL _jG-2232 _bR.120215 |
||
| 999 |
_c16929 _d16929 |
||